000 00236nam a2200109Ia 4500
008 190216s9999||||xx |||||||||||||| ||und||
100 _aBatty J
245 0 _aManagement Accountancy
260 _bNull
_c1975
300 _a893p
942 _cBK
999 _c4071
_d4071